[Event "LTU-chT"]
[Site "Lithuania"]
[Date "2025.01.25"]
[Round "2.23"]
[White "Bucinskas, Valdas"]
[Black "Dailidenas, Justas"]
[Result "1/2-1/2"]
[WhiteElo "2253"]
[BlackElo "1882"]
[PlyCount "105"]
[EventDate "2025.01.24"]
[EventType "team-swiss"]
[EventRounds "7"]
[EventCountry "LTU"]
[SourceTitle "CB14_2025"]
[SourceDate "2024.11.01"]
[SourceVersion "1"]
[SourceVersionDate "2024.11.01"]
[SourceQuality "1"]
[WhiteTeam "Vilnius Chess United"]
[BlackTeam "Vilnius Kamiles"]
[WhiteTeamCountry "LTU"]
[BlackTeamCountry "LTU"]

1. e4 c5 2. Nf3 d6 3. c3 Nf6 4. Bd3 Qc7 5. 0-0 e6 6. Re1 Be7 7. Bf1 0-0 8. d4 Nbd7 9. e5 Nd5 10. a3 dxe5 11. dxe5 Rd8 12. c4 N5b6 13. Qe2 Nf8 14. h4 Bd7 15. h5 h6 16. Qe4 Bc6 17. Qg4 Kh8 18. Nc3 Rd7 19. Ne4 Nc8 20. Bf4 Bxe4 21. Rxe4 a6 22. Bd2 Nh7 23. Bc3 Na7 24. a4 Nc6 25. Qg3 Rad8 26. Rg4 Bf8 27. Be2 Ne7 28. Nh4 Nc6 29. Re1 Nd4 30. Bxd4 Rxd4 31. Rxd4 Rxd4 32. Nf3 Rd7 33. Rd1 Qd8 34. Rxd7 Qxd7 35. Qf4 Kg8 36. Qe4 Be7 37. Bd3 Nf8 38. b3 Bd8 39. Bc2 Ba5 40. Kf1 Bc3 41. Ke2 g6 42. g4 Kg7 43. Qe3 Ba5 44. Qxc5 Qc7 45. Qd4 Bb6 46. Qf4 Qc5 47. Ne1 Nd7 48. Nd3 Qd4 49. Qxd4 Bxd4 50. f4 gxh5 51. gxh5 f6 52. exf6+ Nxf6 53. Kf3 1/2-1/2

[Event "Vilnius Summer op-B"]
[Site "Vilnius"]
[Date "2024.08.02"]
[Round "3"]
[White "Dailidenas, Justas"]
[Black "Diciunas, Valdas"]
[Result "1-0"]
[WhiteElo "1859"]
[BlackElo "1806"]
[PlyCount "89"]
[EventDate "2024.08.01"]
[EventType "swiss"]
[EventRounds "7"]
[EventCountry "LTU"]
[SourceTitle "EXT 2025"]
[Source "ChessBase"]
[SourceDate "2024.10.14"]
[SourceVersion "1"]
[SourceVersionDate "2024.10.14"]
[SourceQuality "1"]

1. e4 e5 2. Nf3 Nc6 3. Bb5 a6 4. Bxc6 dxc6 5. Nc3 f6 6. d4 exd4 7. Qxd4 Qxd4 8. Nxd4 Bd7 9. Be3 0-0-0 10. 0-0-0 Bd6 11. Nb3 b6 12. Bxb6 cxb6 13. Rxd6 Kc7 14. Rd2 Ne7 15. Nd1 Be6 16. Nd4 Bd7 17. Ne3 c5 18. Ne2 Be6 19. Rhd1 Rxd2 20. Rxd2 Rd8 21. a3 Rxd2 22. Kxd2 Kc6 23. Nf4 Bf7 24. h4 Ng6 25. Nxg6 hxg6 26. f4 b5 27. b4 cxb4 28. axb4 Kd6 29. Kc3 Be6 30. Kd4 Bd7 31. Nd1 Bc6 32. Nf2 Bd7 33. Nd3 Bc8 34. Nc5 Kc6 35. e5 fxe5+ 36. fxe5 g5 37. hxg5 Bf5 38. c3 Kb6 39. Kd5 a5 40. bxa5+ Kxa5 41. e6 b4 42. cxb4+ Kxb4 43. e7 Bg6 44. Ne6 Bf7 45. Ke5 1-0

[Event "LTU-chT"]
[Site "Lithuania"]
[Date "2024.01.28"]
[Round "2.3"]
[White "Dailidenas, Justas"]
[Black "Setkauskas, Vaidas"]
[Result "0-1"]
[WhiteElo "1723"]
[BlackElo "2276"]
[PlyCount "164"]
[EventDate "2024.01.27"]
[EventType "team-swiss"]
[EventRounds "7"]
[EventCountry "LTU"]
[SourceTitle "EXT 2025"]
[Source "ChessBase"]
[SourceDate "2024.10.14"]
[SourceVersion "1"]
[SourceVersionDate "2024.10.14"]
[SourceQuality "1"]
[WhiteTeam "Vilnius Kamiles"]
[BlackTeam "Vilnius MRU"]
[WhiteTeamCountry "LTU"]
[BlackTeamCountry "LTU"]

1. b3 d5 2. Bb2 Bg4 3. Nf3 Nd7 4. c4 e6 5. e3 Ngf6 6. Be2 Bd6 7. 0-0 0-0 8. h3 Bh5 9. d3 Qe7 10. Nbd2 c6 11. Rc1 a5 12. Re1 a4 13. Qc2 Bg6 14. Nh4 Ba3 15. Nxg6 hxg6 16. Ra1 Bxb2 17. Qxb2 axb3 18. axb3 Qb4 19. Qc2 Ra3 20. Ra2 Rxa2 21. Qxa2 Nb6 22. Qc2 Ra8 23. Rb1 Nbd7 24. Rb2 Nc5 25. Bf3 e5 26. g4 g5 27. Be2 e4 28. d4 Ne6 29. Ra2 Ra5 30. cxd5 cxd5 31. Rxa5 Qxa5 32. Nf1 Qc7 33. Qd2 Ne8 34. Qb4 g6 35. f3 Nf6 36. Qd2 Kg7 37. Kg2 Qc6 38. Ng3 exf3+ 39. Bxf3 Nc7 40. Qd3 Nce8 41. e4 dxe4 42. Nxe4 Nxe4 43. Bxe4 Qc7 44. Qe3 Qe7 45. Qd3 Nd6 46. Bf3 Qe1 47. Qc2 b6 48. Qb2 Qe3 49. d5+ Kg8 50. b4 Nc4 51. Qe2 Qxe2+ 52. Bxe2 Ne3+ 53. Kf3 Nxd5 54. b5 Kf8 55. Bc4 Ne7 56. Ke4 f6 57. Be6 Ke8 58. Kd4 Kd8 59. Bc4 Kc7 60. Bd3 Kd6 61. Bb1 Nd5 62. Bxg6 Nf4 63. Bc2 Nxh3 64. Ke4 Nf4 65. Bb3 Ne2 66. Bc4 Nc3+ 67. Kd4 Na4 68. Bd3 Nc5 69. Bf5 Ne6+ 70. Ke4 Nc7 71. Kd4 Nxb5+ 72. Kc4 Nc7 73. Bc8 Ke5 74. Bd7 Kf4 75. Bf5 Ke5 76. Bc8 Ne8 77. Bd7 Nd6+ 78. Kb4 Kd5 79. Ba4 Ke4 80. Bd7 Kf4 81. Be6 Ne4 82. Kb5 Nf2 0-1

[Event "LTU-chT rapid"]
[Site "Marijampole"]
[Date "2018.11.10"]
[Round "2.3"]
[White "Dailidenas, Justas"]
[Black "Vedrickas, Tautvydas"]
[Result "1/2-1/2"]
[WhiteElo "1788"]
[BlackElo "2217"]
[PlyCount "108"]
[EventDate "2018.11.10"]
[EventType "team-swiss (rapid)"]
[EventRounds "7"]
[EventCountry "LTU"]
[SourceTitle "EXT 2020"]
[Source "ChessBase"]
[SourceDate "2019.10.17"]
[SourceVersion "1"]
[SourceVersionDate "2019.10.17"]
[SourceQuality "1"]

1. e4 c5 2. Nf3 d6 3. d4 cxd4 4. Nxd4 Nf6 5. Nc3 a6 6. f4 e6 7. Bd3 b5 8. 0-0 Bb7 9. a3 Nbd7 10. Kh1 Be7 11. Qe2 Qc7 12. Bd2 0-0 13. f5 e5 14. Nf3 d5 15. exd5 Nxd5 16. Nxd5 Bxd5 17. Bc3 Bf6 18. Nd2 Rfe8 19. Be4 Bc6 20. Bxc6 Qxc6 21. Ne4 Nc5 22. Nxc5 Qxc5 23. Qe4 Rad8 24. Rad1 h6 25. h3 Rxd1 26. Rxd1 Qf2 27. Bd4 Qg3 28. Bc3 Rc8 29. Rd3 Qg5 30. Bd2 Qh4 31. Qxh4 Bxh4 32. Bc3 e4 33. Re3 Re8 34. g3 Bg5 35. Re2 g6 36. fxg6 fxg6 37. Bd2 e3 38. Bc3 h5 39. Kg2 Kf7 40. Bd4 Re4 41. c3 h4 42. Kf3 Re8 43. Bxe3 Bxe3 44. Rxe3 Rd8 45. gxh4 Kf6 46. Re4 Rd3+ 47. Re3 Rd8 48. Re4 Rd3+ 49. Re3 Rd8 50. Re4 Rd3+ 51. Re3 Rd8 52. Re2 Rd3+ 53. Kg4 Rd1 54. h5 Rg1+ 1/2-1/2

[Event "LTU-ch U16"]
[Site "Kaunas"]
[Date "2017.04.08"]
[Round "5"]
[White "Dailidenas, Justas"]
[Black "Sarauskas, Andrius"]
[Result "1/2-1/2"]
[WhiteElo "1556"]
[BlackElo "1655"]
[PlyCount "45"]
[EventDate "2017.04.05"]
[EventType "swiss"]
[EventRounds "7"]
[EventCountry "LTU"]
[SourceTitle "CBM 177 Extra"]
[Source "ChessBase"]
[SourceDate "2017.04.27"]
[SourceVersion "1"]
[SourceVersionDate "2017.04.27"]
[SourceQuality "1"]

1. e4 c6 2. d4 d5 3. e5 Bf5 4. Nf3 e6 5. Bd3 Bxd3 6. Qxd3 Ne7 7. 0-0 Nd7 8. Bf4 c5 9. c4 dxc4 10. Qxc4 Nd5 11. Bd2 cxd4 12. Qxd4 Bc5 13. Qd3 h6 14. Nc3 Nxc3 15. Bxc3 0-0 16. Rfd1 Nb6 17. Qxd8 Raxd8 18. Ba5 Rxd1+ 19. Rxd1 Nd5 20. Rc1 b6 21. Bd2 Rd8 22. Kf1 Kf8 23. Ke2 1/2-1/2

[Event "Panevezys op U1600"]
[Site "Panevezys"]
[Date "2015.12.05"]
[Round "3"]
[White "Gnizinskas, Kipras"]
[Black "Dailidenas, Justas"]
[Result "0-1"]
[WhiteElo "1001"]
[BlackElo "1590"]
[PlyCount "38"]
[EventDate "2015.12.04"]
[EventType "swiss"]
[EventRounds "8"]
[EventCountry "LTU"]
[SourceTitle "CBM 169 Extra"]
[Source "ChessBase"]
[SourceDate "2015.12.18"]
[SourceVersion "1"]
[SourceVersionDate "2015.12.18"]
[SourceQuality "1"]

1. e4 e5 2. Nf3 Nc6 3. d4 exd4 4. Nxd4 Bc5 5. Be3 Bb6 6. Bc4 Nf6 7. Nc3 0-0 8. 0-0 Ba5 9. Qf3 d6 10. Qg3 Re8 11. Nf5 Bxf5 12. exf5 Rf8 13. Rfe1 Ne5 14. Re2 Nxc4 15. Bd4 c5 16. Bxf6 Qxf6 17. Qg4 Bxc3 18. bxc3 Qxc3 19. Rae1 Ne5 0-1

[Event "Panevezys op U1600"]
[Site "Panevezys"]
[Date "2015.12.04"]
[Round "2"]
[White "Dailidenas, Justas"]
[Black "Posaskov, Nikita"]
[Result "1-0"]
[WhiteElo "1590"]
[BlackElo "1517"]
[PlyCount "71"]
[EventDate "2015.12.04"]
[EventType "swiss"]
[EventRounds "8"]
[EventCountry "LTU"]
[SourceTitle "CBM 169 Extra"]
[Source "ChessBase"]
[SourceDate "2015.12.18"]
[SourceVersion "1"]
[SourceVersionDate "2015.12.18"]
[SourceQuality "1"]

1. e4 c5 2. Nf3 d6 3. d4 cxd4 4. Nxd4 Nf6 5. Nc3 a6 6. Bc4 e6 7. Bb3 Be7 8. f4 e5 9. Nf3 Nc6 10. 0-0 0-0 11. fxe5 dxe5 12. Bg5 h6 13. Bh4 Bg4 14. h3 Bxf3 15. Rxf3 Qc7 16. Bxf6 Bxf6 17. Nd5 Qd8 18. Nxf6+ gxf6 19. Rg3+ Kh7 20. Qh5 Qd4+ 21. Kh1 Qd7 22. Rf1 Qe7 23. Qf5+ Kh8 24. Qxf6+ Qxf6 25. Rxf6 Kh7 26. Rxf7+ Rxf7 27. Bxf7 Nd4 28. c3 Ne2 29. Rd3 Rf8 30. Rd7 Kh8 31. Bc4 Ng3+ 32. Kh2 Nxe4 33. Re7 Nd6 34. Bd3 Rf2 35. Rh7+ Kg8 36. Rxh6 1-0